Evropská ústava
Udalosť číslo 1 v EÚ - ratifikácia Európskej ústavy. Základné zmeny obsiahnuté v Európskej ústave z pohľadu právneho a možné scenáre v prípade neprijatia ústavnej zmluvy.
Guardado en:
| Autor principal: | |
|---|---|
| Formato: | Capítulo de libro |
| Lenguaje: | checo |
| Materias: | |
| Etiquetas: |
Sin Etiquetas, Sea el primero en etiquetar este registro!
|
MARC
| LEADER | 00000naa$a2200000$$$4500 | ||
|---|---|---|---|
| 001 | 0037160 | ||
| 005 | 20221207105139.2 | ||
| 041 | 0 | |a cze | |
| 044 | |a SK | ||
| 245 | 1 | 0 | |a Evropská ústava |c Magdaléna Kudelová |
| 520 | |a Udalosť číslo 1 v EÚ - ratifikácia Európskej ústavy. Základné zmeny obsiahnuté v Európskej ústave z pohľadu právneho a možné scenáre v prípade neprijatia ústavnej zmluvy. | ||
| 610 | 2 | 0 | |a Európska únia |
| 610 | 2 | 0 | |a ústava |
| 610 | 2 | 0 | |a právo ústavné |
| 610 | 2 | 0 | |a ratifikácia |
| 100 | 1 | |a Kudelová, Magdaléna | |